Esplicación de las láminas pertenecientes a la historia antigua de México y a la de su conquista que se han agregado a la traducción mexicana de la de W.H. Prescott /
Esta obra es un complemento a la de W.H. Prescott, la cual es una historia de México desde la época prehispánica hasta su conquista y es en la traducción de ésta donde se agregan unas láminas que Ignacio Cumplido describe en este libro.
محفوظ في:
| المؤلف الرئيسي: | |
|---|---|
| التنسيق: | كتاب |
| اللغة: | الإسبانية |
| الموضوعات: | |
| الوسوم: |
لا توجد وسوم, كن أول من يضع وسما على هذه التسجيلة!
|
MARC
| LEADER | 00000nam^a2200000^a^4500 | ||
|---|---|---|---|
| 001 | 000136387 | ||
| 005 | 20250526000000.0 | ||
| 009 | 20260310095315.85 | ||
| 037 | |a Acervo ITESO - Biblioteca | ||
| 041 | |a ESP | ||
| 082 | |a 972. |b CUM | ||
| 100 | |a Cumplido, Ignacio |e (autor) | ||
| 245 | 1 | 0 | |a Esplicación de las láminas pertenecientes a la historia antigua de México y a la de su conquista que se han agregado a la traducción mexicana de la de W.H. Prescott / |c I. Cumplido. |
| 264 | |a México : |b Imprenta del Estado, |c 1846 | ||
| 300 | |a 1 v. (varias paginaciones) ; |c 22.5 cm. | ||
| 520 | |a Esta obra es un complemento a la de W.H. Prescott, la cual es una historia de México desde la época prehispánica hasta su conquista y es en la traducción de ésta donde se agregan unas láminas que Ignacio Cumplido describe en este libro. | ||
| 649 | |a XX | ||
| 650 | |a México - |x Historia - |y Epoca Prehispánica | ||
| 650 | |a México - |x Historia - |y Descubrimiento y Conquista, 1517-1521 | ||
| 650 | |a México - |x Historia - |y Epoca Colonial, 1517-1821 | ||
| 910 | |a Fondo Salvador Reynoso Reynoso | ||
| 920 | |a Impresos - Libros | ||
| 930 | |a Libros Antiguos y Raros | ||
| 905 | |a 108 | ||
| 901 | |a 0800014146 |b IT2 |c LRA |u 20250526 | ||
| 902 | |a https://opac.biblio.iteso.mx/vufind/Record/000136387 | ||